[Event "ChessOrg Schachfestival  2015"]
[Site "Bad Wörishofen"]
[Date "2015.03.03"]
[Round "6.15"]
[White "Tennstedt, Andreas"]
[Black "Felgendreher, Heiko"]
[Result "1/2-1/2"]
[WhiteElo "2142"]
[BlackElo "2230"]
[Annotator "chessorg"]
[PlyCount "37"]
[EventDate "2015.??.??"]
[WhiteTeam "SV Griesheim (DA)"]
[BlackTeam "Freibauer Moerlenbach-Birkenau"]

1. d4 Nf6 2. c4 g6 3. Nc3 d5 4. Bf4 Bg7 5. e3 c5 6. dxc5 Qa5 7. Qa4+ Qxa4 8.
Nxa4 Ne4 9. cxd5 Bd7 10. f3 Bxa4 11. fxe4 Bxb2 12. Rb1 Bc3+ 13. Kf2 Nd7 14. Ne2
Bg7 15. Rc1 Rc8 16. c6 bxc6 17. Nd4 a5 18. Bg3 Nf6 19. Bd3 1/2-1/2

[Event "ChessOrg Schachfestival  2015"]
[Site "Bad Wörishofen"]
[Date "2015.03.03"]
[Round "6.17"]
[White "Pitschka, Claus"]
[Black "Reichel, Jonathan"]
[Result "1-0"]
[WhiteElo "2213"]
[BlackElo "1972"]
[Annotator "chessorg"]
[PlyCount "29"]
[EventDate "2015.??.??"]
[WhiteTeam "SC Garching 1980 e.V."]
[BlackTeam "SF Dornstetten-Pfalzgrafenweiler e.V."]

1. d4 Nf6 2. Nf3 c5 3. d5 b5 4. Bg5 Ne4 5. Bf4 Bb7 6. Qd3 Qa5+ 7. Nbd2 f5 8. c3
c4 9. Qd4 Nf6 10. Be5 Nxd5 11. Bxg7 Nc6 12. Qxd5 e6 13. Nxc4 Qc7 14. Qxb5 Bxg7
15. Qxb7 1-0

[Event "ChessOrg Schachfestival  2015"]
[Site "Bad Wörishofen"]
[Date "2015.03.03"]
[Round "6.24"]
[White "Mueller, Werner"]
[Black "Schmitzer, Peter"]
[Result "1-0"]
[WhiteElo "2191"]
[BlackElo "2060"]
[Annotator "chessorg"]
[PlyCount "53"]
[EventDate "2015.??.??"]
[WhiteTeam "SK 1908 Goeggingen"]
[BlackTeam "SC Roter Turm Altstadt"]

1. e4 e5 2. Nf3 d6 3. d4 Nd7 4. Nc3 c6 5. Bc4 Be7 6. O-O Ngf6 7. a4 a5 8. h3
O-O 9. Qe2 exd4 10. Nxd4 Re8 11. Bf4 Ne5 12. Bxe5 dxe5 13. Nf3 Bb4 14. Ng5 Rf8
15. f4 Qe7 16. Rad1 exf4 17. Kh1 Bxc3 18. bxc3 Nd5 19. Qh5 h6 20. Nxf7 Be6 21.
Nxh6+ gxh6 22. Qg6+ Kh8 23. exd5 cxd5 24. Qxh6+ Kg8 25. Rxd5 Bxd5 26. Bxd5+ Rf7
27. Rxf4 1-0

[Event "ChessOrg Schachfestival  2015"]
[Site "Bad Wörishofen"]
[Date "2015.03.03"]
[Round "6.25"]
[White "Schiffer, Steve"]
[Black "Kugelmann, Werner"]
[Result "1/2-1/2"]
[WhiteElo "2073"]
[BlackElo "2181"]
[Annotator "chessorg"]
[PlyCount "58"]
[EventDate "2015.??.??"]
[WhiteTeam "Freibauer Moerlenbach-Birkenau"]
[BlackTeam "TSV Wertingen 1862 SAbt"]

1. e4 e5 2. Nf3 Nc6 3. Bb5 a6 4. Ba4 Nf6 5. O-O Nxe4 6. Re1 Nc5 7. Nxe5 Ne6 8.
Nxc6 dxc6 9. d4 Be7 10. c3 O-O 11. Nd2 c5 12. dxc5 Nxc5 13. Bc2 Be6 14. Ne4
Qxd1 15. Rxd1 Rad8 16. Be3 Nxe4 17. Bxe4 c6 18. a3 Bb3 19. Rxd8 Rxd8 20. Re1 g6
21. f4 f5 22. Bf3 Kf7 23. Kf2 Bh4+ 24. g3 Bf6 25. h4 h5 26. Bc1 Rd7 27. Re3 Bd1
28. Be2 Bxe2 29. Kxe2 Rd5 1/2-1/2

[Event "ChessOrg Schachfestival  2015"]
[Site "Bad Wörishofen"]
[Date "2015.03.03"]
[Round "6.29"]
[White "Mueller, Daniel"]
[Black "Neumann, Joachim"]
[Result "1/2-1/2"]
[WhiteElo "2044"]
[BlackElo "2146"]
[Annotator "chessorg"]
[PlyCount "57"]
[EventDate "2015.??.??"]
[WhiteTeam "TG Biberach"]
[BlackTeam "Kieler Schachgesellschaft von 1884 e. V."]

1. d4 Nf6 2. g3 d5 3. Nf3 c6 4. Bg2 Bf5 5. Nh4 Bg6 6. Nxg6 hxg6 7. Nd2 Nbd7 8.
O-O e5 9. dxe5 Nxe5 10. e4 dxe4 11. Nxe4 Nxe4 12. Bxe4 Qxd1 13. Rxd1 Ng4 14. h4
Bc5 15. Rf1 O-O 16. Bg5 Rfe8 17. Bf3 Ne5 18. Be2 Nd7 19. Rfe1 Nf6 20. Bf3 Rxe1+
21. Rxe1 Rd8 22. Kf1 Kf8 23. Bd1 Re8 24. f3 Rxe1+ 25. Kxe1 Nd5 26. c3 Bd6 27.
Kf2 Bc5+ 28. Ke2 Bd6 29. Kf2 1/2-1/2

[Event "ChessOrg Schachfestival  2015"]
[Site "Bad Wörishofen"]
[Date "2015.03.03"]
[Round "6.62"]
[White "Russ, Oliver"]
[Black "Schinnerl, Werner"]
[Result "0-1"]
[WhiteElo "1759"]
[BlackElo "1952"]
[Annotator "chessorg"]
[PlyCount "58"]
[EventDate "2015.??.??"]
[WhiteTeam "SG CX Schwarzenberg-Raschau"]

1. e4 c5 2. Nf3 d6 3. d4 cxd4 4. Nxd4 Nf6 5. Nc3 g6 6. Be2 Bg7 7. Be3 O-O 8.
O-O Nc6 9. f4 Qb6 10. e5 dxe5 11. fxe5 Nxe5 12. Nf5 Qxb2 13. Nxe7+ Kh8 14. Bd4
Qa3 15. Bxe5 Qxe7 16. Bxf6 Bxf6 17. Nd5 Qc5+ 18. Kh1 Bg7 19. Nf6 Qe5 20. Nd5
Qxa1 21. Qxa1 Bxa1 22. Rxa1 Be6 23. Nf6 Rac8 24. Bd3 Kg7 25. Ne4 Rfd8 26. a4
Bc4 27. Rd1 Bxd3 28. cxd3 Rxd3 29. Re1 Re3 0-1

[Event "ChessOrg Schachfestival  2015"]
[Site "Bad Wörishofen"]
[Date "2015.03.03"]
[Round "6.70"]
[White "Engl, Heinz"]
[Black "Wltschek, Christian"]
[Result "1/2-1/2"]
[WhiteElo "2034"]
[BlackElo "1936"]
[Annotator "chessorg"]
[PlyCount "46"]
[EventDate "2015.??.??"]
[WhiteTeam "Blinden SC Muenchen"]
[BlackTeam "TSV Wacker Neutraubling"]

1. e4 c5 2. f4 e6 3. Nf3 a6 4. Nc3 Nc6 5. d4 cxd4 6. Nxd4 Qb6 7. Nb3 Qc7 8. Bd3
d6 9. Be3 Nf6 10. a3 Be7 11. O-O b5 12. Qf3 Bb7 13. Kh1 O-O 14. Rad1 Rfe8 15.
Nd4 Nxd4 16. Bxd4 e5 17. Be3 Qd7 18. f5 Bc6 19. Qg3 Kh8 20. Rf3 Qb7 21. Bd2 a5
22. Re3 b4 23. axb4 axb4 1/2-1/2

[Event "ChessOrg Schachfestival  2015"]
[Site "Bad Wörishofen"]
[Date "2015.03.03"]
[Round "6.73"]
[White "Koch, Till"]
[Black "Schulz, Gert"]
[Result "0-1"]
[WhiteElo "1889"]
[BlackElo "2016"]
[Annotator "chessorg"]
[PlyCount "42"]
[EventDate "2015.??.??"]
[WhiteTeam "Schachverein Unser Fritz Wanne-Eickel 1955 e."]
[BlackTeam "SK 1947 Sandhausen e.V."]

1. e4 c5 2. c3 Nf6 3. e5 Nd5 4. Nf3 Nc6 5. Bc4 Nb6 6. Bb3 c4 7. Bc2 Qc7 8. d4
cxd3 9. Qxd3 Nxe5 10. Nxe5 Qxe5+ 11. Be3 Nd5 12. O-O Nxe3 13. fxe3 g6 14. Nd2
Bg7 15. Nf3 Qc7 16. Qe4 d6 17. Ng5 O-O 18. Bb3 e6 19. Rf3 Qe7 20. h4 d5 21.
Bxd5 h6 0-1

[Event "ChessOrg Schachfestival  2015"]
[Site "Bad Wörishofen"]
[Date "2015.03.03"]
[Round "6.85"]
[White "Natterer, Winfried"]
[Black "Schoknecht, Sabine"]
[Result "1-0"]
[WhiteElo "1811"]
[BlackElo "1680"]
[Annotator "chessorg"]
[PlyCount "55"]
[EventDate "2015.??.??"]
[WhiteTeam "Schachclub Dietmannsried"]

1. e4 e5 2. Nf3 d6 3. d4 exd4 4. Nxd4 Be7 5. Bc4 Nf6 6. Nc3 Nbd7 7. O-O Ne5 8.
Bb3 a6 9. a4 Bd7 10. h3 Qc8 11. Nf3 h6 12. Bf4 Ng6 13. Qd2 Nh5 14. Bh2 Nh4 15.
Nxh4 Bxh4 16. Qd5 Nf6 17. Qxf7+ Kd8 18. e5 Ne8 19. exd6 cxd6 20. Ne4 Be7 21.
Rad1 Rf8 22. Qg6 Bf5 23. Nxd6 Nxd6 24. Rxd6+ Bd7 25. Rd4 Rf6 26. Qg4 b6 27.
Rfd1 Ra7 28. Be6 1-0

[Event "ChessOrg Schachfestival  2015"]
[Site "Bad Wörishofen"]
[Date "2015.03.03"]
[Round "6.88"]
[White "Schnell, Franz"]
[Black "Lindstaedt, Jan"]
[Result "1-0"]
[WhiteElo "1799"]
[BlackElo "1446"]
[Annotator "chessorg"]
[PlyCount "57"]
[EventDate "2015.??.??"]
[WhiteTeam "SV Trossingen"]
[BlackTeam "SV Unser Fritz Wanne-Eickel"]

1. d4 f5 2. Bg5 g6 3. Nf3 Nh6 4. Qd2 Nf7 5. h4 h6 6. Bf4 d6 7. Nc3 d5 8. Ne5
Nxe5 9. Bxe5 Rh7 10. O-O-O Nc6 11. Bg3 Be6 12. e3 Qd7 13. Nb5 Rc8 14. Kb1 Bg7
15. Bd3 a6 16. Nc3 Bf7 17. Ne2 Kf8 18. f3 e5 19. dxe5 Nxe5 20. Bxe5 Bxe5 21. g4
c5 22. c3 Rc6 23. gxf5 gxf5 24. f4 Rb6 25. fxe5 c4 26. Bxc4 Qa4 27. Bb3 Rxb3
28. axb3 Qxb3 29. Nd4 1-0

[Event "ChessOrg Schachfestival  2015"]
[Site "Bad Wörishofen"]
[Date "2015.03.03"]
[Round "6.91"]
[White "Bangert, Ruediger"]
[Black "Sauerwein, Martin"]
[Result "1-0"]
[WhiteElo "1633"]
[BlackElo "1579"]
[Annotator "chessorg"]
[PlyCount "49"]
[EventDate "2015.??.??"]
[WhiteTeam "SC Bayerwald"]
[BlackTeam "SC Kaufbeuren"]

1. d4 d5 2. c4 c6 3. cxd5 cxd5 4. Nc3 Bf5 5. e3 Nf6 6. Bd2 e6 7. Nf3 Be7 8. Ne5
O-O 9. Be2 a6 10. a4 Qd6 11. O-O Nc6 12. f4 h6 13. h3 Ne4 14. Nxe4 Bxe4 15. Bf3
Bh7 16. Bc3 f6 17. Ng4 b5 18. axb5 axb5 19. Rxa8 Rxa8 20. Nf2 Qb8 21. Nd3 Bxd3
22. Qxd3 Bb4 23. e4 Bxc3 24. bxc3 dxe4 25. Qxe4 1-0

[Event "ChessOrg Schachfestival  2015"]
[Site "Bad Wörishofen"]
[Date "2015.03.03"]
[Round "6.34"]
[White "Baeuml, Ulrich"]
[Black "Sikkel, Dirk"]
[Result "1-0"]
[WhiteElo "2120"]
[BlackElo "2010"]
[Annotator "chessorg"]
[PlyCount "49"]
[EventDate "2015.??.??"]
[WhiteTeam "SC Dillingen"]
[BlackTeam "LSG"]

1. c4 g6 2. g3 Bg7 3. Bg2 e5 4. Nc3 Nc6 5. d3 Nf6 6. Rb1 a5 7. a3 O-O 8. b4
axb4 9. axb4 d6 10. b5 Ne7 11. Nf3 Nh5 12. O-O h6 13. Qb3 Kh7 14. Ba3 Rb8 15.
c5 Be6 16. Qc2 d5 17. c6 b6 18. e4 d4 19. Nd5 Bf6 20. Nxf6+ Nxf6 21. Nxe5 Rg8
22. Qb2 Nc8 23. Nf3 Ra8 24. Nxd4 Rxa3 25. Nxe6 1-0

[Event "ChessOrg Schachfestival  2015"]
[Site "Bad Wörishofen"]
[Date "2015.03.03"]
[Round "6.50"]
[White "Knoll, Georg"]
[Black "Reinke, Kurt"]
[Result "0-1"]
[WhiteElo "2029"]
[BlackElo "1919"]
[Annotator "chessorg"]
[PlyCount "34"]
[EventDate "2015.??.??"]
[WhiteTeam "VfL Leipheim 1898"]
[BlackTeam "Schachgesellschaft Benrath 1924"]

1. d4 d6 2. Nf3 Bg4 3. c4 Nf6 4. Nc3 g6 5. Qb3 Bg7 6. Qxb7 Nbd7 7. h3 Rb8 8.
Qc6 Rb6 9. Qa4 Bf5 10. c5 dxc5 11. dxc5 Rb8 12. Nd4 O-O 13. Nc6 Nxc5 14. Qxa7
Qd6 15. Nxb8 Nfe4 16. Be3 Rd8 17. f3 Qg3+ 0-1

[Event "ChessOrg Schachfestival  2015"]
[Site "Bad Wörishofen"]
[Date "2015.03.03"]
[Round "6.63"]
[White "Grunwald, Guenther"]
[Black "Gerhards, Walter"]
[Result "0-1"]
[WhiteElo "1686"]
[BlackElo "1939"]
[Annotator "chessorg"]
[PlyCount "80"]
[EventDate "2015.??.??"]
[WhiteTeam "Schachverein Schwarz-Weiß Oberhausen 51/96"]
[BlackTeam "Ratinger Schachklub 1950"]

1. e4 e6 2. d4 d5 3. e5 b6 4. c3 c5 5. Nf3 Nc6 6. Bb5 Bd7 7. Na3 Be7 8. Qa4 Qc8
9. Qa6 cxd4 10. Qxc8+ Rxc8 11. cxd4 Bxa3 12. bxa3 Nxe5 13. Bxd7+ Nxd7 14. Bd2
Ne7 15. O-O Nc6 16. Rfc1 O-O 17. Bf4 Na5 18. Bd6 Rfe8 19. Nd2 f6 20. Bb4 Nc4
21. Nxc4 dxc4 22. Rc3 b5 23. Re3 Nb6 24. Rae1 Kf7 25. Bc5 Nd5 26. R3e2 Nf4 27.
Rc2 Nd3 28. Rb1 Nxc5 29. dxc5 Rxc5 30. Kf1 Rd8 31. a4 a6 32. axb5 Rxb5 33. Rxb5
axb5 34. a4 bxa4 35. Rxc4 Ra8 36. Rc2 Ke7 37. Ke2 a3 38. Ra2 Kd6 39. Kd3 Kd5
40. Kc3 e5 0-1

[Event "ChessOrg Schachfestival  2015"]
[Site "Bad Wörishofen"]
[Date "2015.03.03"]
[Round "6.81"]
[White "Urban, Rudolf"]
[Black "Vaclahovsky, Gerhard"]
[Result "1-0"]
[WhiteElo "1874"]
[BlackElo "1709"]
[Annotator "chessorg"]
[PlyCount "35"]
[EventDate "2015.??.??"]
[WhiteTeam "SC Roter Turm Altstadt"]
[BlackTeam "SK Keres-Augsburg 1980"]

1. d4 Nf6 2. Nf3 e6 3. Bf4 d5 4. Nbd2 Bd6 5. e3 O-O 6. Bd3 c5 7. Bxd6 Qxd6 8.
c3 b6 9. Qe2 Re8 10. Ne5 h6 11. f4 Nfd7 12. O-O Nxe5 13. fxe5 Qe7 14. Rf4 f6
15. exf6 gxf6 16. Qh5 e5 17. Rxf6 Rf8 18. Rg6+ 1-0

[Event "ChessOrg Schachfestival  2015"]
[Site "Bad Wörishofen"]
[Date "2015.03.03"]
[Round "6.49"]
[White "Weishaeutel, Moritz"]
[Black "Schiegg, Peter"]
[Result "1/2-1/2"]
[WhiteElo "1912"]
[BlackElo "2032"]
[Annotator "chessorg"]
[PlyCount "50"]
[EventDate "2015.??.??"]
[WhiteTeam "SV Empor Erfurt"]
[BlackTeam "SF Bad Groenenbach"]

1. e4 d6 2. d4 g6 3. Nc3 Bg7 4. Be3 c6 5. Nf3 Nf6 6. h3 O-O 7. Bd3 Qc7 8. Qd2
Nbd7 9. O-O e5 10. dxe5 dxe5 11. Rad1 Re8 12. a3 Nf8 13. Bc4 Be6 14. Bxe6 Nxe6
15. Qd6 Qxd6 16. Rxd6 Bf8 17. Rdd1 Nc5 18. Rfe1 Ncxe4 19. Nxe4 Nxe4 20. Rd7 Nd6
21. Bc5 Rad8 22. Rxd8 Rxd8 23. Nxe5 Nc8 24. Bxf8 Kxf8 25. Nd3 Ne7 1/2-1/2

1. Nf3 d5 2. c4 Nf6 3. g3 c6 4. Bg2 Bg4 5. Qa4 e6 6. Ne5 Bf5 7. d3 Nbd7 8. Nxd7
Nxd7 9. O-O Be7 10. e4 Bg6 11. Rd1 Bf6 12. Qa3 Ne5 13. exd5 exd5 14. Re1 Kd7
15. Bf4 Be7 16. Qb3 Bd6 17. Bxe5 Bxe5 18. Rxe5 Qc7 19. Re1 Rhe8 20. Bh3+ f5 21.
Nd2 b6 22. cxd5 c5 23. Qa4+ Kd8 24. Rxe8+ Bxe8 25. Qh4+ 1-0

[Event "ChessOrg Schachfestival  2015"]
[Site "Bad Wörishofen"]
[Date "2015.03.03"]
[Round "6.86"]
[White "De Luna, Alberto"]
[Black "Traversi, Carlo"]
[Result "1-0"]
[WhiteElo "1809"]
[BlackElo "1585"]
[Annotator "chessorg"]
[PlyCount "81"]
[EventDate "2015.??.??"]
[WhiteTeam "SV Oberstenfeld"]

1. d4 d6 2. Nf3 Nf6 3. Bf4 g6 4. e3 Bg7 5. Be2 O-O 6. O-O Nh5 7. Bg5 c6 8. c4
Nf6 9. Nc3 Bg4 10. h3 Bxf3 11. Bxf3 Nbd7 12. Qc2 Qc7 13. Rac1 a6 14. Rfe1 Rfe8
15. b4 Rac8 16. Bf4 Qd8 17. a4 d5 18. Qb3 dxc4 19. Qxc4 Nb6 20. Qb3 Nbd5 21.
Bh2 Nxc3 22. Rxc3 e6 23. Rec1 Nd5 24. Bxd5 exd5 25. b5 axb5 26. axb5 Qd7 27.
bxc6 Rxc6 28. Rb1 Rxc3 29. Qxc3 Qc6 30. Qb3 Re7 31. Bg3 Rd7 32. Qb2 h6 33. Rc1
Qa6 34. Rc8+ Kh7 35. Kh2 b5 36. Rc5 Rb7 37. Rxd5 Bf8 38. Rd8 Ba3 39. Qb3 b4 40.
Be5 f6 41. Qg8# 1-0

[Event "ChessOrg Schachfestival  2015"]
[Site "Bad Wörishofen"]
[Date "2015.03.03"]
[Round "6.92"]
[White "Huber, Dorit"]
[Black "Humburg, Eduard"]
[Result "1-0"]
[WhiteElo "1618"]
[BlackElo "1437"]
[Annotator "chessorg"]
[PlyCount "93"]
[EventDate "2015.??.??"]
[WhiteTeam "Schachklub Germering e. V."]
[BlackTeam "SC Wolfratshausen 1948 e.V."]

1. d4 d5 2. Bf4 Nf6 3. e3 a6 4. Nd2 Nc6 5. Bd3 g6 6. Ngf3 Bg7 7. h3 O-O 8. O-O
Nb4 9. Be2 Bf5 10. c3 Nd3 11. Bxd3 Bxd3 12. Re1 Ne4 13. Nb3 Bb5 14. a4 Bd7 15.
Nc5 Nxc5 16. dxc5 c6 17. Qd2 Bf5 18. Nd4 e5 19. Nxf5 gxf5 20. Bh2 f6 21. Qc2
Qd7 22. Rad1 e4 23. Bf4 Rad8 24. Qe2 Qf7 25. b4 Rd7 26. Rb1 Rfd8 27. Rb2 Bf8
28. Kh1 a5 29. Rg1 axb4 30. cxb4 d4 31. g4 fxg4 32. Qxg4+ Qg7 33. Qe6+ Rf7 34.
Rxg7+ Kxg7 35. Bh6+ Kg6 36. Bxf8 Rfxf8 37. Qxe4+ f5 38. Qg2+ Kf6 39. Rd2 Rg8
40. Qf3 d3 41. e4 Rg5 42. Rxd3 Rdg8 43. Rd6+ Ke5 44. exf5 Rg1+ 45. Kh2 R1g2+
46. Qxg2 Rxg2+ 47. Kxg2 1-0

[Event "ChessOrg Schachfestival  2015"]
[Site "Bad Wörishofen"]
[Date "2015.03.03"]
[Round "6.57"]
[White "Speicher, Franz"]
[Black "Von Saldern, Ruediger"]
[Result "1/2-1/2"]
[WhiteElo "1873"]
[BlackElo "1976"]
[Annotator "chessorg"]
[PlyCount "38"]
[EventDate "2015.??.??"]
[WhiteTeam "SV Dicker Turm Esslingen"]
[BlackTeam "SF Starnberger See e.V."]

1. d4 d5 2. c4 c6 3. cxd5 cxd5 4. Nc3 Nf6 5. Bf4 e6 6. Nf3 Bd6 7. Bxd6 Qxd6 8.
e3 O-O 9. Bd3 Nc6 10. Rc1 e5 11. dxe5 Nxe5 12. Nxe5 Qxe5 13. Be2 Bf5 14. O-O
Rad8 15. Qd4 Qb8 16. Qh4 a6 17. Rfd1 Rfe8 18. Bf3 Be4 19. Qg3 Qxg3 1/2-1/2

[Event "ChessOrg Schachfestival  2015"]
[Site "Bad Wörishofen"]
[Date "2015.03.04"]
[Round "7.10"]
[White "Romanishin, Oleg"]
[Black "Cherednichenko, Elena"]
[Result "1-0"]
[WhiteElo "2472"]
[BlackElo "2195"]
[Annotator "chessorg"]
[PlyCount "82"]
[EventDate "2015.??.??"]
[BlackTeam "Sport Klub ISD Donetsk"]

1. Nf3 d5 2. g3 Nf6 3. Bg2 Bf5 4. c4 c6 5. Qb3 Qb6 6. d3 Nbd7 7. Be3 dxc4 8.
Qxc4 Qc7 9. O-O e5 10. Nc3 Be6 11. Qa4 Nd5 12. Bd2 f6 13. Rac1 Nxc3 14. Bxc3
Be7 15. Ba5 Qd6 16. Nd2 Bd5 17. Bh3 Nc5 18. Qd1 Be6 19. Bg2 Na6 20. Ne4 Qd7 21.
a3 O-O 22. Bd2 Bd5 23. b4 f5 24. Bh3 Be6 25. Nc3 f4 26. Bg2 Bh3 27. Qb3+ Kh8
28. Ne4 Qf5 29. f3 fxg3 30. hxg3 Bxg2 31. Kxg2 Nc7 32. Rh1 Ne6 33. Be3 Qf7 34.
Qb2 Rad8 35. Rh3 Rxd3 36. Rch1 h6 37. Bxh6 Kg8 38. Bc1 Qf5 39. Rh8+ Kf7 40.
Rxf8+ Bxf8 41. exd3 Nd4 1-0

[Event "ChessOrg Schachfestival  2015"]
[Site "Bad Wörishofen"]
[Date "2015.03.04"]
[Round "7.26"]
[White "Reichel, Jonathan"]
[Black "Hornung, Hans"]
[Result "1-0"]
[WhiteElo "1972"]
[BlackElo "2132"]
[Annotator "chessorg"]
[PlyCount "109"]
[EventDate "2015.??.??"]
[WhiteTeam "SF Dornstetten-Pfalzgrafenweiler e.V."]
[BlackTeam "SK Ingolstadt"]

1. e4 e6 2. Qe2 c5 3. Nf3 Nc6 4. g3 g6 5. Bg2 Bg7 6. O-O d6 7. c3 Nge7 8. a4
O-O 9. Na3 e5 10. h3 h6 11. d3 Be6 12. Nc2 Qd7 13. Kh2 f5 14. b4 Rae8 15. Ba3
b6 16. Bb2 g5 17. Nd2 f4 18. b5 Nd8 19. d4 exd4 20. cxd4 d5 21. Rad1 g4 22.
hxg4 Ng6 23. exd5 Bxg4 24. Qd3 Qf7 25. Bf3 Bf5 26. Qb3 Bxc2 27. Qxc2 cxd4 28.
Bh5 d3 29. Qxd3 Bxb2 30. Bxg6 Qg7 31. Bxe8 Rxe8 32. Rde1 Be5 33. Qf3 Rf8 34. g4
Nf7 35. Ne4 Kh8 36. Rg1 Bb8 37. Kh1 Ne5 38. Qh3 Qg6 39. f3 Kg7 40. Kg2 Rd8 41.
Qh5 Nc4 42. Qxg6+ Kxg6 43. Rc1 Ne3+ 44. Kf2 Rxd5 45. Rc6+ Kg7 46. Rh1 Be5 47.
Rcxh6 Nd1+ 48. Ke2 Nc3+ 49. Nxc3 Bxc3 50. Rh7+ Kg8 51. Rb7 Rd2+ 52. Kf1 Bd4 53.
Rhh7 Rf2+ 54. Ke1 Rxf3 55. Rhd7 1-0

[Event "ChessOrg Schachfestival  2015"]
[Site "Bad Wörishofen"]
[Date "2015.03.04"]
[Round "7.46"]
[White "Forster, Rudolf"]
[Black "Valet, Richard"]
[Result "0-1"]
[WhiteElo "1837"]
[BlackElo "2015"]
[Annotator "chessorg"]
[PlyCount "126"]
[EventDate "2015.??.??"]
[WhiteTeam "SC Friedberg im Gehoerl. Sportverein"]
[BlackTeam "Greifswalder SV"]

1. e4 c5 2. f4 Nc6 3. Nf3 g6 4. Bb5 Bg7 5. Bxc6 bxc6 6. O-O Ba6 7. Re1 e6 8.
Nc3 Ne7 9. d3 d5 10. e5 h5 11. g3 Nf5 12. Bd2 Bf8 13. Kg2 Be7 14. h4 d4 15. Ne4
c4 16. dxc4 Bxc4 17. b3 Bd5 18. c4 dxc3 19. Nxc3 Bc5 20. Nxd5 Qxd5 21. b4 Bd4
22. Rb1 Ke7 23. Qb3 Rhd8 24. b5 c5 25. Qxd5 Rxd5 26. a4 c4 27. Bb4+ Bc5 28.
Bxc5+ Rxc5 29. a5 c3 30. b6 Rxa5 31. b7 Ra2+ 32. Kh3 Rb8 33. Rec1 Rb2 34. Ra1
c2 35. Rxa7 Ne3 36. Nd4 Kd7 37. g4 hxg4+ 38. Kg3 Nf5+ 39. Nxf5 exf5 40. Kg2
R8xb7 41. Rxb7+ Rxb7 42. Rxc2 Rb3 43. Rd2+ Ke7 44. Ra2 Rh3 45. Ra7+ Kf8 46.
Ra8+ Kg7 47. Ra7 Rxh4 48. e6 Kf6 49. exf7 Rh8 50. Kg3 Rf8 51. Kh4 Rxf7 52. Ra6+
Kg7 53. Kg5 Kh7 54. Ra2 Rd7 55. Rh2+ Kg7 56. Re2 Kf7 57. Re3 Rd2 58. Rc3 g3 59.
Rc7+ Ke6 60. Rc3 g2 61. Rg3 Rf2 62. Kxg6 Rxf4 63. Kh5 Rg4 0-1

[Event "ChessOrg Schachfestival  2015"]
[Site "Bad Wörishofen"]
[Date "2015.03.04"]
[Round "7.59"]
[White "Frost, Peter"]
[Black "Koehl, Franz-Xaver"]
[Result "1-0"]
[WhiteElo "1851"]
[BlackElo "1957"]
[Annotator "chessorg"]
[PlyCount "43"]
[EventDate "2015.??.??"]
[WhiteTeam "Bangkok Chess Club"]
[BlackTeam "Schachklub Germering e. V."]

1. b3 d6 2. Bb2 Nd7 3. Nf3 Ngf6 4. g3 g6 5. Bg2 Bg7 6. O-O O-O 7. c4 c6 8. d4
Qc7 9. Nbd2 e5 10. e4 Re8 11. Re1 Nb6 12. Qc2 c5 13. d5 Bg4 14. h3 Bxf3 15.
Bxf3 h5 16. a3 Nc8 17. b4 b6 18. b5 Ne7 19. a4 Nd7 20. a5 f5 21. exf5 Nxf5 22.
Bxh5 1-0

[Event "ChessOrg Schachfestival  2015"]
[Site "Bad Wörishofen"]
[Date "2015.03.04"]
[Round "7.64"]
[White "Natterer, Winfried"]
[Black "Knoll, Georg"]
[Result "0-1"]
[WhiteElo "1811"]
[BlackElo "2029"]
[Annotator "chessorg"]
[PlyCount "62"]
[EventDate "2015.??.??"]
[WhiteTeam "Schachclub Dietmannsried"]
[BlackTeam "VfL Leipheim 1898"]

1. e4 d5 2. exd5 Qxd5 3. Nc3 Qd6 4. d4 Nf6 5. Be2 g6 6. Nf3 Bg7 7. O-O a6 8. h3
O-O 9. Re1 Nc6 10. Be3 Rd8 11. Bd3 b5 12. a3 Bb7 13. Ne2 Nd5 14. c3 Nxe3 15.
fxe3 e5 16. Rc1 Bh6 17. Bb1 Bxe3+ 18. Kh1 Bxc1 19. Qxc1 exd4 20. Qh6 Qf8 21.
Qh4 d3 22. Ng5 Qg7 23. Ba2 Ne5 24. Nd4 Bd5 25. Bxd5 Rxd5 26. Nde6 fxe6 27. Nxe6
Qf7 28. Ng5 Qe7 29. Qe4 Re8 30. Nf3 d2 31. Nxd2 Rxd2 0-1

[Event "ChessOrg Schachfestival  2015"]
[Site "Bad Wörishofen"]
[Date "2015.03.04"]
[Round "7.65"]
[White "Keller, Alexander"]
[Black "De Luna, Alberto"]
[Result "0-1"]
[WhiteElo "1979"]
[BlackElo "1809"]
[Annotator "chessorg"]
[PlyCount "94"]
[EventDate "2015.??.??"]
[WhiteTeam "SK Buchloe"]
[BlackTeam "SV Oberstenfeld"]

1. Nc3 d5 2. e4 e6 3. d4 Bb4 4. Bd3 dxe4 5. Bxe4 Nf6 6. Bf3 O-O 7. Nge2 c5 8.
Be3 Nd5 9. Bxd5 Qxd5 10. O-O Qh5 11. dxc5 Bxc5 12. Qd3 Bxe3 13. fxe3 Nc6 14.
Nf4 Qf5 15. Qxf5 exf5 16. Rad1 g5 17. Nh5 Be6 18. Rd2 Rfd8 19. Rfd1 Rxd2 20.
Rxd2 Rd8 21. Rxd8+ Nxd8 22. Kf2 Kf8 23. Ke2 Ke7 24. Kd3 Nc6 25. a3 Ne5+ 26. Kd4
Nc4 27. Nd1 f6 28. a4 Nd2 29. Nc3 Nf1 30. h3 Bf7 31. Ng7 Bg6 32. e4 fxe4 33. g4
Ng3 34. Nb5 Kf7 35. Nf5 Nxf5+ 36. gxf5 Bxf5 37. Nd6+ Kg6 38. Nxb7 Bxh3 39. Nd6
Bf5 40. c4 Bd7 41. a5 f5 42. b4 g4 43. b5 g3 44. Ke3 f4+ 45. Ke2 f3+ 46. Ke3 f2
47. Ke2 Bh3 0-1

[Event "ChessOrg Schachfestival  2015"]
[Site "Bad Wörishofen"]
[Date "2015.03.04"]
[Round "7.67"]
[White "Buchaeckert, Juergen"]
[Black "Russ, Oliver"]
[Result "1-0"]
[WhiteElo "1931"]
[BlackElo "1759"]
[Annotator "chessorg"]
[PlyCount "110"]
[EventDate "2015.??.??"]
[WhiteTeam "SK 1912 Ludwigshafen"]
[BlackTeam "SG CX Schwarzenberg-Raschau"]

1. e4 e5 2. d4 exd4 3. Qxd4 Nc6 4. Qe3 d6 5. Nc3 Be7 6. Bd2 Nf6 7. O-O-O O-O 8.
Bc4 Be6 9. Bxe6 fxe6 10. f4 e5 11. f5 Nd4 12. Qh3 h6 13. Nf3 Nh7 14. Kb1 Ng5
15. Bxg5 Bxg5 16. Nxd4 exd4 17. Rxd4 Bf6 18. Rdd1 Qe7 19. Qd3 Bxc3 20. bxc3 Qe5
21. Qd5+ Qxd5 22. Rxd5 Rae8 23. Re1 Rf6 24. g4 g5 25. c4 b6 26. Kb2 Rf7 27. Kc3
Rfe7 28. Kd3 Kf7 29. Re3 Re5 30. a4 Kf6 31. Kd4 a6 32. h3 Rd8 33. Rd3 Re7 34.
Ke3 Re5 35. Rxe5 Kxe5 36. Rd5+ Kf6 37. e5+ Ke7 38. e6 Rh8 39. Ke4 h5 40. Rd4 c6
41. Rd2 hxg4 42. hxg4 Rh4 43. Rg2 Rh3 44. Rf2 Kf6 45. Rd2 Rg3 46. Rxd6 Rxg4+
47. Kd3 Rf4 48. Rxc6 Rxf5 49. Rxb6 Ke7 50. Ke4 Rf6 51. Ke5 Rf4 52. Rb7+ Ke8 53.
c5 Rc4 54. Kf6 Rd4 55. Rb8+ Rd8 1-0

[Event "ChessOrg Schachfestival  2015"]
[Site "Bad Wörishofen"]
[Date "2015.03.04"]
[Round "7.4"]
[White "Teske, Henrik"]
[Black "Roeder, Matthias"]
[Result "1/2-1/2"]
[WhiteElo "2483"]
[BlackElo "2414"]
[Annotator "chessorg"]
[PlyCount "49"]
[EventDate "2015.??.??"]
[WhiteTeam "SV Glueck auf Ruedersdorf e.V."]
[BlackTeam "DJK Aufwaerts St. Josef Aachen 1920"]

1. d4 Nf6 2. c4 e6 3. Nf3 d5 4. Nc3 c5 5. cxd5 Nxd5 6. g3 cxd4 7. Nxd5 Qxd5 8.
Qxd4 Qb5 9. e4 Qb4+ 10. Bd2 Nc6 11. Qxb4 Bxb4 12. Bb5 Bxd2+ 13. Kxd2 Bd7 14.
Rac1 Ke7 15. Ke3 Rhc8 16. Rhd1 Ne5 17. Bxd7 Nxd7 18. Nd4 Nb6 19. b3 Rxc1 20.
Rxc1 Rc8 21. Rxc8 Nxc8 22. f4 h5 23. h3 Kd6 24. Nf3 Ne7 25. Kd3 1/2-1/2